Rákkutatási eredményeiért a Karikó–Türeci–Șahin trió Meyenburg-díjat kapott

Elmentve itt :
Bibliográfiai részletek
Szerző: Újszászi Ilona
Dokumentumtípus: Cikk
Megjelent: 2023-03-22
Sorozat:SZTE Info
Kulcsszavak:Volt egyetemi hallgató - Karikó Katalin - egyetemi tanár - BioNTech alelnöke, Kutatás - Pfizer-BioNTech közös vakcinafejlesztés, Járvány - koronavírus, Járványügyi védekezés - koronavírus - mRNS vakcina - Pfizer-BioNTech - védőoltás, Rákkutatás - mRNS vakcina - védőoltás - immunterápia, Díjátadás, Kitüntetés - Meyenburg-díj - Meyenburg-Preis, Megosztva - Özlem Türeci - Uǧur Șahin, Meyenburg Alapítvány - Meyenburg-Stiftung, Német Rákkutató Központ (Heidelberg) - Deutsches Krebsforschungszentrum - DKFZ
Online Access:http://univ.bibl.u-szeged.hu/65704
LEADER 01320nab a2200169 i 4500
001 univ65704
005 20230324120224.0
008 230323s2023 hu o 0|| hun d
040 |a SZTE UnivHistória Repozitórium  |b hun 
041 |a hun 
100 1 |a Újszászi Ilona 
245 1 0 |a Rákkutatási eredményeiért a Karikó–Türeci–Șahin trió Meyenburg-díjat kapott  |h [elektronikus dokumentum] /  |c  Újszászi Ilona 
260 |c 2023-03-22 
490 0 |a SZTE Info 
561 |a Karikó Katalin sajtóarchívum 
695 |a Volt egyetemi hallgató - Karikó Katalin - egyetemi tanár - BioNTech alelnöke, Kutatás - Pfizer-BioNTech közös vakcinafejlesztés, Járvány - koronavírus, Járványügyi védekezés - koronavírus - mRNS vakcina - Pfizer-BioNTech - védőoltás, Rákkutatás - mRNS vakcina - védőoltás - immunterápia, Díjátadás, Kitüntetés - Meyenburg-díj - Meyenburg-Preis, Megosztva - Özlem Türeci - Uǧur Șahin, Meyenburg Alapítvány - Meyenburg-Stiftung, Német Rákkutató Központ (Heidelberg) - Deutsches Krebsforschungszentrum - DKFZ 
856 4 0 |u http://univ.bibl.u-szeged.hu/65704/1/Szegedi%20Tudom%C3%A1nyegyetem%20_%20R%C3%A1kkutat%C3%A1si%20eredm%C3%A9nyei%C3%A9rt%20a%20Karik%C3%B3%E2%80%93T%C3%BCreci%E2%80%93%C8%98ahin%20tri%C3%B3%20Meyenburg-d%C3%ADjat%20kapott.pdf  |z Dokumentum-elérés